Estudio de prefactibilidad de una destilería para alcohol carburante
Shranjeno v:
| Glavni avtor: | |
|---|---|
| Format: | Neznan |
| Izdano: |
[San José : Costa Rica]
1981
|
| Teme: | |
| Oznake: |
Označite
Brez oznak, prvi označite!
|
MARC
| LEADER | 00000 a2200000 4500 | ||
|---|---|---|---|
| 003 | 001804 | ||
| 005 | 20221231143749.0 | ||
| 008 | 140114s1981 c a m 000 ||s d | ||
| 040 | |c cru CEDI | ||
| 090 | |a TFG 1198 | ||
| 100 | |a Camacho Naranjo, Juan José |9 15599 | ||
| 245 | |a Estudio de prefactibilidad de una destilería para alcohol carburante | ||
| 260 | |c 1981 |a [San José : Costa Rica] | ||
| 300 | |a ii, 110 hojas : ilustraciones ; 28 cm | ||
| 500 | |a Proyecto de graduación(licenciatura en ingeniería química)--Universidad de Costa Rica. Facultad de Ingeniería. Escuela de Ingeniería Química | ||
| 650 | |x DESTILACION |x ALCOHOL COMO COMBUSTIBLE |9 15600 | ||
| 942 | |c TFG | ||
| 999 | |c 11435 |d 11435 | ||
